00840cam a22002535a 4500001000800000005001700008008004100025020001500066020001800081040003300099082001900132100003000151245007600181250001200257260003800269300003400307504005100341650003800392651001000430653002200440942000800462999001700470952009900487248613620180102151632.0910219t1992 nyua frb 001 0 eng d a0070508143 a9780070508149 aDLCcDLCdDLCdEG-ScBUEbeng04a005.1222bPRE1 aPressman, Roger S.91135010aSoftware engineering :ba practitioner's approach /cRoger S. Pressman. a3rd ed. aNew York :bMcGraw-Hill,cc.1992. axxi, 793 p. :bill. ;c25 cm. aIncludes bibliographical references and index. 7aSoftware engineering2BUEsh93832 2BUEsh bGGENcJanuary2018 2ddc c25846d25818 00102ddc4070aMAINbMAINcLOWd2018-01-02l0o005.1 PREp000047081r2025-07-15 00:00:00yBB